[Event "17th Delhi GM Open 2019"]
[Site "Delhi"]
[Date "2019.01.15"]
[Round "9"]
[White "Popov, Ivan"]
[Black "Swapnil, S. Dhopade"]
[Result "0-1"]
[WhiteElo "2588"]
[BlackElo "2487"]
[Annotator "TA"]
[PlyCount "156"]
[EventDate "2019.01.09"]
[EventType "swiss"]
[EventCountry "IND"]
[SourceTitle "playchess.com"]
[Source "ChessBase"]
[SourceQuality "1"]

{[%evp 16,156,24,17,25,27,28,22,25,25,25,18,23,22,32,19,28,27,18,30,18,12,51,39,58,18,17,28,29,7,10,11,13,13,16,16,43,4,6,0,23,18,17,8,8,9,9,9,9,8,8,8,8,0,2,0,57,10,29,0,59,63,48,23,32,38,33,34,39,0,0,0,36,27,35,23,132,88,78,19,34,8,8,0,0,0,0,0,982,0,0,-1037,-992,-1114,-1108,-1065,-1073,-1031,-1062,-992,-992,-992,-992,-957,-920,-682,-444,-444,-444,-444,-444,-444,-444,-444,-444,-444,-444,-444,-444,-444,0,-444,0,-444,0,-444,0,-444,-444,-29966,-29970,-29970,-29967,-12838,-12847,-29987,-29988,-29988,-29989,-29993,-29994,-29995,-29996]} 1. e4 c6 2. Nc3 d5 3. Nf3 dxe4 4. Nxe4 Nf6 5. Qe2 Nxe4 6. Qxe4 Qa5 {B11: Caro-Kann: Two Knights Variation} 7. Qf4 Qf5 8. d3 Qxf4 9. Bxf4 {LiveBook: 4 Games} f6 $146 ({Predecessor:} 9... Bg4 10. Be2 Nd7 11. h3 Bh5 12. d4 e6 13. O-O-O Be7 14. Rhe1 O-O 15. g4 Bg6 16. Ne5 Rfd8 17. Nxg6 hxg6 18. g5 b5 19. h4 Nb6 20. Bf3 Nd5 {½-½ (20) Antoniewski,R (2552)-Khenkin,I (2655) Germany 2012}) 10. O-O-O e5 11. Be3 c5 12. Nd2 Nc6 13. g3 Bd7 14. Bg2 O-O-O 15. f4 exf4 16. Bxf4 Nd4 17. Rde1 Ne6 18. Be3 Be7 19. Nc4 b6 20. a4 Rhe8 21. b3 Kc7 22. Bd2 Bf8 23. Rhf1 Bc6 24. Be4 Bxe4 25. dxe4 Nd4 26. g4 Bd6 27. g5 Re6 28. gxf6 gxf6 29. Nxd6 Kxd6 30. Rxf6 {[%mdl 64] Remove Defender, Decoy} Rxf6 31. e5+ {[%mdl 64] Double Attack} Ke6 32. exf6+ Kxf6 $11 {[%mdl 4096] Endgame KRB-KRN} 33. Bc3 Rd7 34. Re8 Kg5 35. a5 Kg4 (35... Nf3 $11) 36. a6 Nc6 37. Kb2 Kh3 ({Black should play} 37... Rd8 $11 38. Rxd8 Nxd8) 38. Rc8 $1 $14 {[%cal Rc8c6]} Rd6 39. Rc7 h5 40. Rh7 h4 41. Be1 Rd4 42. Rc7 Rd6 43. Rh7 Rd4 44. c3 Re4 45. Bg3 $1 Rg4 (45... c4 $11) 46. Rh6 Ne7 47. Bb8 (47. Rh5 $1 $16) 47... Rg2+ 48. Ka3 Nd5 $1 49. Bg3 (49. Bxa7 $2 Nxc3 50. b4 c4 $19) 49... Rxg3 50. hxg3 Kxg3 $11 {KR-KN} 51. c4 Nf4 $2 {[%mdl 8192] [#]} (51... Nc7 $11) 52. Rh7 $2 (52. Ka4 $1 $18 {[%cal Ra4b5] Kb5 is the strong threat.} h3 53. Kb5) 52... h3 53. Rxa7 $2 {[%mdl 8192] [#]} (53. Ka4 $11 Kg4 54. Kb5 (54. Rxa7 $2 h2 $19)) 53... h2 $1 $19 54. Rh7 Nh3 55. Rg7+ Kh4 56. Ka4 h1=Q {Threatens to win with ...Qa1+.} 57. Kb5 Ng5 58. a7 Qa8 59. Kxb6 Ne4 60. Rb7 Nd6 61. Rb8 Nc8+ {[%mdl 64] Double Attack} 62. Kc7 Qxa7+ 63. Kxc8 {KQ-KR} Kg4 64. Rb7 Qa6 65. Kc7 Kf4 66. Rb5 Qa3 67. Rb8 Qa6 68. Rb5 $1 Qa3 69. Rb8 $1 Qa6 70. Rb5 $1 Qa3 $2 ({Better is} 70... Qa7+ $19 71. Kc6 Qa3) 71. Kb6 $2 {[%mdl 8192]} (71. Rb8 $1 $11 {and White stays safe.} Ke4 72. Kc6) 71... Ke4 72. b4 (72. Kc6 $19) 72... cxb4 73. c5 Kd5 74. c6+ Kd6 75. Kb7 Qc3 {Black mates.} 76. Rb6 b3 77. Kb8 {[#]} Qxc6 $1 78. Rxb3 (78. Rxc6+ Kxc6) 78... Qe8+ {Accuracy: White = 56%, Black = 64%.} 0-1

[Event "17th Delhi GM Open 2019"]
[Site "Delhi"]
[Date "2019.01.15"]
[Round "9"]
[White "Aleksandrov, Aleksej"]
[Black "Koustav Chatterjee"]
[Result "1/2-1/2"]
[WhiteElo "2582"]
[BlackElo "2346"]
[Annotator "TA"]
[PlyCount "80"]
[EventDate "2019.01.09"]
[EventType "swiss"]
[EventCountry "IND"]
[SourceTitle "playchess.com"]
[Source "ChessBase"]
[SourceQuality "1"]

{[%evp 18,80,31,38,30,25,115,10,10,13,10,14,16,0,0,-100,-100,-95,-92,-100,-103,-95,-102,-1500,274,-90,0,-133,-141,-230,-148,-133,-60,-58,-51,-72,-47,-52,-3,-15,0,0,0,0,0,0,0,0,0,-5,0,-9,-9,-9,-9,-35,-35,-42,0,0,0,-6,0,-47,0]} 1. c4 Nf6 2. Nc3 e6 3. e4 d5 4. e5 d4 5. exf6 dxc3 6. bxc3 Qxf6 7. Nf3 Nc6 8. Bd3 e5 9. O-O Bd6 10. Rb1 O-O {A18: English Opening: Flohr-Mikenas System (1 c4 Nf6 2 Nc3 e6 3 e4)} 11. Re1 b6 $146 (11... Bf5 $11 12. Bxf5 Qxf5 13. Rxb7 Na5) ({Predecessor:} 11... Bf5 12. Bxf5 Qxf5 13. Rxb7 Na5 14. Rb5 Nxc4 15. d3 a6 16. Rb1 Nb6 17. Ng5 Rad8 {0-1 (42) Conquest,S (2521)-Socko,M (2479) Amsterdam 2011}) 12. Qc2 ({White must play} 12. Be4 $16 Bf5 13. Bxc6 Bxb1 14. d3) 12... g6 {The position is equal.} 13. Be4 Bf5 14. d4 exd4 15. Bg5 $36 {[%mdl 2048] White has good play.} Bxe4 16. Rxe4 (16. Bxf6 $2 Bxc2 17. Ra1 d3 $19) (16. Qxe4 $11 Qe6 17. Qd3 (17. cxd4 Qxe4 18. Rxe4 Rfe8 $11) (17. Qxe6 fxe6 18. Nxd4 Nxd4 $11)) 16... Qf5 $17 17. Bh6 Rae8 18. Rbe1 Rxe4 19. Rxe4 Rd8 {Strongly threatening ...d3!} 20. Re1 $2 {[%mdl 8192]} (20. cxd4 $17 Bf8 21. Be3) 20... Rf8 $4 {[%mdl 8192]} (20... Qxc2 $19 21. cxd4 Nb4) 21. Re4 $2 {[#]} (21. Qxf5 $18 {White wants to mate with Qf6.} gxf5 22. Bxf8 (22. cxd4 Ra8 $14) (22. Nxd4 Nxd4 23. Bxf8 Nf3+ 24. gxf3 Kxf8 $16) 22... Kxf8 23. cxd4) 21... Rd8 ({Black should try} 21... dxc3 $1 $17 {[%mdl 512]} 22. Bxf8 (22. Qxc3 f6) 22... Bxf8) 22. Qe2 {[#]} (22. Re1 $1 $11) 22... d3 $1 {[%mdl 512]} 23. Qe3 (23. Re8+ $17 Bf8 24. Qe3 (24. Rxd8 Nxd8 25. Qe8 Ne6 $17)) (23. Qxd3 Bf8) 23... Bf8 24. Bxf8 Rxf8 (24... Kxf8 $17 25. g3 Kg7) 25. Qxd3 $15 Rd8 26. Nd4 Qf6 27. h4 h5 (27... Na5 {looks sharper.} 28. Qg3 c5 29. Ne2 h6 30. Nf4 Rd1+) 28. Qe3 Nxd4 (28... Kg7 {with more complications.} 29. g3 Rd7 30. Ne6+ Kg8 31. Nd4 Kh7) 29. cxd4 $11 {[%mdl 4096] Endgame KQR-KQR} Kg7 30. g3 c6 31. Re5 Qd6 32. d5 cxd5 33. cxd5 Rd7 34. a4 f6 35. Re8 Qxd5 36. Rc8 Qb7 {( -> ...Rd1+)} 37. Rc1 b5 38. axb5 Qxb5 39. Kh2 Qe5 40. Qf3 Qd5 {Accuracy: White = 19%, Black = 44%.} 1/2-1/2

[Event "17th Delhi GM Open 2019"]
[Site "Delhi"]
[Date "2019.01.15"]
[Round "9"]
[White "Karthikeyan, Murali"]
[Black "Rohith Krishna S"]
[Result "1-0"]
[WhiteElo "2570"]
[BlackElo "2382"]
[Annotator "TA"]
[PlyCount "86"]
[EventDate "2019.01.09"]
[EventType "swiss"]
[EventCountry "IND"]
[SourceTitle "playchess.com"]
[Source "ChessBase"]
[SourceQuality "1"]

{[%evp 21,86,7,29,6,16,5,9,2,10,7,19,20,1,0,36,26,56,56,89,73,85,82,66,83,70,91,103,102,99,87,98,69,117,112,122,109,108,102,189,110,108,0,0,0,0,0,0,0,0,0,0,0,172,172,172,171,158,168,266,164,5181,5185,1914,1799,29985,29986,29998]} 1. e4 e5 2. Nf3 Nc6 3. Bb5 a6 4. Ba4 Nf6 5. d3 b5 6. Bb3 Be7 7. Nc3 d6 8. a3 {C77: Ruy Lopez: 3...a6 4 Ba4 Nf6, unusual lines} O-O 9. Nd5 Bb7 10. O-O Nxd5 11. Bxd5 Bf6 {LiveBook: 6 Games} (11... Qd7 12. d4 exd4 13. Nxd4 Bf6 14. Nf5 Nd8 15. Re1 Re8 16. c3 Bxd5 17. Qxd5 {0-1 (43) Vachier Lagrave,M (2804)-Carlsen,M (2840) Doha 2016}) 12. a4 $146 ({Predecessor:} 12. c3 Qc8 13. Bg5 Bxg5 14. Nxg5 h6 15. Nxf7 Rxf7 16. Qb3 Nd8 17. Bxf7+ Nxf7 {0-1 (31) Skaperdas,K (2231)-Mastrovasilis,A (2510) Thessaloniki 2018}) 12... Qb8 13. Re1 Ne7 14. Ba2 c5 15. h3 Qc7 16. Nh2 Kh8 (16... bxa4 $6 17. Ng4 $16) 17. Ng4 Ng8 18. Bd2 Bc6 19. b4 Rfc8 20. Qf3 cxb4 21. axb5 Bxb5 22. Bxb4 a5 23. Ba3 Bc6 24. Ne3 Ne7 25. Rab1 ({But not} 25. Bxf7 Rf8 $11) 25... Rf8 26. g3 Rad8 27. h4 Bd7 28. Bc4 Rb8 29. Kg2 Rfd8 (29... a4 $16) 30. Rxb8 (30. Bxf7 $18 Rf8 31. Ba2) 30... Rxb8 $16 31. Bxf7 (31. Ra1 $16) 31... Qc3 $11 32. Bxd6 Rf8 33. Rb1 {[#] And now Qh5 would win.} Rxf7 34. Bxe7 Rxe7 35. Nd5 Qxc2 36. Nxf6 Qxb1 $2 (36... Bh3+ $1 $11 {and Black stays safe.} 37. Kxh3 Qxb1) 37. Nxd7 {[%cal Rf3f8][%mdl 4096] Endgame KQR-KQN} Re8 38. Qf7 {[%cal Rf7e8]} Ra8 {[#]} 39. Qd5 $1 {[%cal Rd5a8]} Ra7 (39... Rd8 {was necessary.} 40. Qxa5 Re8) 40. Nxe5 {[%cal Rd5d8]} Qb6 $2 (40... h6) 41. Nf7+ $18 Kg8 42. Nd6+ Kf8 43. Qf5+ Kg8 {Precision: White = 67%, Black = 36%.} 1-0

[Event "17th Delhi GM Open 2019"]
[Site "Delhi"]
[Date "2019.01.15"]
[Round "9"]
[White "Erigaisi Arjun"]
[Black "Dzhumaev, Marat"]
[Result "1-0"]
[WhiteElo "2548"]
[BlackElo "2437"]
[Annotator "TA"]
[PlyCount "63"]
[EventDate "2019.01.09"]
[EventType "swiss"]
[EventCountry "IND"]
[SourceTitle "playchess.com"]
[Source "ChessBase"]
[SourceQuality "1"]

{[%evp 15,63,12,26,26,26,26,27,25,17,-21,-29,-33,-31,-57,-69,-67,-20,-29,-28,-30,0,0,0,0,0,0,46,10,80,82,198,183,277,285,277,295,1021,1004,1004,1010,1072,1093,1006,935,1122,1050,2258,1939,29991,29992]} 1. d4 d6 2. Nf3 Nf6 3. g3 g6 4. Bg2 Bg7 5. O-O O-O 6. c4 Nc6 7. Nc3 a6 8. h3 Bf5 {LiveBook: 27 Games. E63: King's Indian: Fianchetto: Panno Variation with 7...a6} (8... Bd7 9. e4 e5 10. dxe5 dxe5 11. Be3 Be6 12. Qa4 h6 13. Rad1 Qb8 14. Rfe1 Rd8 15. c5 Qa7 16. b4 Rac8 17. a3 Qb8 18. Qc2 Rxd1 19. Rxd1 {0-1 (58) Khismatullin,D (2634)-Fedoseev,V (2707) Satka 2018}) 9. g4 Bd7 10. e4 e5 {White has an edge.} 11. Be3 h5 12. g5 {[#]} (12. dxe5 {is more complex.} Nxe5 13. Nxe5 dxe5 14. g5 Nh7 15. b3) 12... Ng4 $146 {[%mdl 512]} ({Predecessor:} 12... Nh7 13. h4 Bg4 14. Ne2 f5 15. dxe5 dxe5 16. Qxd8 Rfxd8 {½-½ (33) Nefediev,A (2261)-Kondenko,A (2312) St Petersburg 2002}) 13. hxg4 hxg4 14. dxe5 {Nh2 is the strong threat.} gxf3 15. Bxf3 dxe5 16. Bg4 Nd4 17. Kg2 Be6 18. Bxe6 fxe6 19. Qg4 Qe7 20. Rad1 Rf7 21. Rh1 {Black should prevent Qh3.} Qb4 {[#]} (21... Nc2 $11) 22. Rd2 $1 $16 Qxc4 (22... Nf3 $16) 23. Qh4 $18 b5 {[#]} (23... Kf8 $142) 24. Qh7+ $1 {[%mdl 64] Double Attack} Kf8 25. Qxg6 Ke7 $2 (25... Rd8 26. Qh7 Rdd7) 26. Rh7 Rg8 {[#]} 27. Ne2 $1 {[%mdl 512]} Nxe2 {[#]} 28. Rd7+ $1 {[%mdl 576] Deflection, Decoy} Kxd7 29. Qxf7+ {[%mdl 64] Double Attack} Kc6 30. Qxg8 {White wants to mate with Qa8+.} Qxe4+ 31. Kh2 Nf4 32. Qa8+ {[%mdl 64] Double Attack. Accuracy: White = 76%, Black = 22%.} 1-0

[Event "17th Delhi GM Open 2019"]
[Site "Delhi"]
[Date "2019.01.15"]
[Round "9"]
[White "Deepan Chakkravarthy J."]
[Black "Rathnakaran, K.."]
[Result "1-0"]
[WhiteElo "2543"]
[BlackElo "2373"]
[Annotator "TA"]
[PlyCount "75"]
[EventDate "2019.01.09"]
[EventType "swiss"]
[EventCountry "IND"]
[SourceTitle "playchess.com"]
[Source "ChessBase"]
[SourceQuality "1"]

{[%evp 22,75,48,25,104,91,101,119,203,208,227,212,229,199,204,200,211,204,206,199,216,20,375,0,223,0,311,0,230,213,265,266,369,369,367,372,355,373,444,440,622,600,848,558,756,0,766,0,1030,997,2314,2241,29988,29989,29989,29990]} 1. Nf3 Nf6 2. g3 g6 3. Bg2 c5 4. O-O Bg7 5. c4 O-O 6. Nc3 Nc6 7. d4 cxd4 8. Nxd4 Ng4 9. e3 d6 10. b3 Nxd4 11. exd4 Nh6 12. Bb2 {LiveBook: 130 Games} f5 $146 {A39: Symmetrical English vs ...g6: 4 Bg2 Bg7 5 Nf3 Nf6 6 0-0 0-0 7 d4} (12... Nf5 $11 {remains equal.}) ({Predecessor:} 12... Nf5 13. Ne2 Rb8 14. a4 Bd7 15. Bc3 e6 16. Qd2 Re8 17. b4 Qc7 18. c5 e5 19. cxd6 Qxd6 20. dxe5 Qxd2 21. Bxd2 Bxe5 22. Bc3 {½-½ (45) Maletin,P (2581)-Fedorov,A (2623) St Petersburg 2009}) 13. Nd5 g5 14. f4 gxf4 (14... g4 $16 {is a better defense.} 15. Ne3 e6) 15. Nxf4 $18 Ng4 16. Qd2 e6 17. h3 Nf6 18. Rae1 Ne4 19. Bxe4 fxe4 20. Rxe4 Qg5 21. Ree1 $2 {[#]} (21. Kh2 $18) 21... Qd8 $2 {[%mdl 8192]} (21... Qxg3+ $11 22. Qg2 Qxg2+ 23. Kxg2 b5) 22. Re4 (22. Nh5 $142) 22... Qg5 23. Ree1 Qd8 24. Re4 Qg5 25. Kh2 b5 26. Ba3 e5 27. dxe5 Bb7 28. Re2 Bxe5 29. Bxd6 Rad8 30. c5 {[%cal Bc4c5,Bc5d6][%mdl 32]} (30. Rxe5 Qxe5 31. Rd1 Qe4 $11) 30... Bxd6 (30... Bc6 $142 31. h4 (31. Rxe5 Qxe5 32. Qf2 Rxd6 $18) 31... Rxf4 32. Qxf4 (32. Rxf4 Bxf4 33. Qxf4 Qxf4 $18) 32... Bxf4 33. hxg5 Bxg5) 31. cxd6 Qc5 32. Rd1 Qg5 33. Rf1 Qc5 $1 34. Rd1 $2 (34. d7 $18) 34... Rf6 $2 {[%mdl 8192]} (34... Qg5 $11 35. Ne6 Qxd2 36. Rexd2 Bc6) 35. Ne6 Qh5 36. Nxd8 Bf3 37. Rf1 Rh6 {[#]} 38. Qxh6 $3 {Precision: White = 60%, Black = 33%.} 1-0

[Event "17th Delhi GM Open 2019"]
[Site "Delhi"]
[Date "2019.01.15"]
[Round "9"]
[White "Stupak, Kirill"]
[Black "Gupta, Abhijeet"]
[Result "1/2-1/2"]
[WhiteElo "2542"]
[BlackElo "2581"]
[Annotator "TA"]
[PlyCount "41"]
[EventDate "2019.01.09"]
[EventType "swiss"]
[EventCountry "IND"]
[SourceTitle "playchess.com"]
[Source "ChessBase"]
[SourceQuality "1"]

{[%evp 12,41,0,0,14,20,25,2,10,22,10,0,3,0,20,0,0,10,41,64,41,19,19,16,20,17,20,10,33,19,34,22]} 1. d4 Nf6 2. c4 g6 3. Nc3 d5 4. Nf3 Bg7 5. cxd5 Nxd5 6. Na4 Bf5 {D90: Grünfeld: 4 Nf3 Bg7 sidelines} 7. Nh4 {LiveBook: 14 Games} Nc6 8. Nxf5 gxf5 {The position is equal.} 9. e3 $1 e5 10. dxe5 Nxe5 11. Qb3 $146 ({Predecessor:} 11. Be2 Qd6 12. O-O O-O-O 13. Qc2 f4 14. exf4 {1-0 (29) Anastasian,A (2587)-Kristjansson,S (2404) Antalya 2004}) 11... O-O 12. Be2 b5 13. Qxb5 Rb8 14. Qa5 f4 15. O-O $1 (15. Qxa7 $2 Ra8 $19) 15... fxe3 16. Bxe3 Nxe3 17. fxe3 Qg5 {[#] Threatens to win with ...Nf3+!} 18. Kh1 ({Avoid the trap} 18. Qxa7 $2 Ra8 $19) 18... Qxe3 19. Rae1 Qd4 20. b3 c6 21. Rd1 {Accuracy: White = 81%, Black = 72%.} 1/2-1/2

[Event "17th Delhi GM Open 2019"]
[Site "Delhi"]
[Date "2019.01.15"]
[Round "9"]
[White "Tran, Tuan Minh"]
[Black "Sammed Jaykumar, Shete"]
[Result "1-0"]
[WhiteElo "2541"]
[BlackElo "2395"]
[Annotator "TA"]
[PlyCount "71"]
[EventDate "2019.01.09"]
[EventType "swiss"]
[EventCountry "IND"]
[SourceTitle "playchess.com"]
[Source "ChessBase"]
[SourceQuality "1"]

{[%evp 27,71,0,25,6,7,7,34,30,27,29,50,39,80,48,94,78,126,125,122,139,152,137,156,134,126,124,120,112,113,112,105,105,93,93,133,129,130,127,403,402,376,372,401,401,978,785]} 1. c4 Nf6 2. Nc3 c5 3. g3 g6 4. Bg2 Bg7 5. Nf3 O-O 6. d4 cxd4 7. Nxd4 Nc6 8. O-O Qa5 9. Nb3 Qh5 10. e4 {A39: Symmetrical English vs ...g6: 4 Bg2 Bg7 5 Nf3 Nf6 6 0-0 0-0 7 d4} d6 11. Qxh5 Nxh5 12. c5 dxc5 13. Nxc5 Rb8 14. Rd1 Nf6 {LiveBook: 11 Games} 15. Bf4 e5 16. Bg5 {[#]} Nd4 $146 ({Predecessor:} 16... h6 17. Bxf6 Bxf6 18. Nd7 Bxd7 19. Rxd7 Rfd8 20. Nd5 Kg7 21. Rxd8 Rxd8 {½-½ (44) Santos Ruiz,M (2505)-Perez Candelario,M (2591) Las Palmas 2017}) 17. Nd3 h6 18. Be3 ({Reject} 18. Nxe5 hxg5 19. Rxd4 Ng4 $17) 18... Bg4 19. Rd2 Nc6 20. h3 Bc8 21. Rc1 $36 {[%mdl 2048] White has strong initiative.} Kh7 22. b4 a6 23. Nd5 Be6 24. Nc5 Nd4 25. Nc7 Rfc8 26. Bxd4 exd4 27. N5xe6 fxe6 28. Rxd4 Nd5 29. Rdc4 b5 30. Rc5 ({Wrong is} 30. Nxa6 $2 Rxc4 31. Re1 Rf8 $19) 30... Nxb4 31. Nxe6 Rxc5 32. Rxc5 {[#] Black must now prevent a3.} Nxa2 $2 {[%mdl 8192]} (32... Bb2 $16 33. a3 Nd3) 33. Rc7 $18 Rg8 34. e5 Kh8 35. f4 ({Weaker is} 35. Rxg7 Rxg7 36. Nxg7 Kxg7 $11) 35... g5 (35... Bf8 $142 36. Bd5 Nb4) 36. Nxg7 {Accuracy: White = 77%, Black = 31%.} 1-0

[Event "17th Delhi GM Open 2019"]
[Site "Delhi"]
[Date "2019.01.15"]
[Round "9"]
[White "Debashis, Das"]
[Black "Narayanan.S.L"]
[Result "0-1"]
[WhiteElo "2538"]
[BlackElo "2575"]
[Annotator "TA"]
[PlyCount "88"]
[EventDate "2019.01.09"]
[EventType "swiss"]
[EventCountry "IND"]
[SourceTitle "playchess.com"]
[Source "ChessBase"]
[SourceQuality "1"]

{[%evp 21,88,38,49,2,18,-16,-16,-8,-8,-14,-14,-20,0,-21,0,0,0,0,0,-6,0,-26,-24,-38,-19,-45,-45,-68,-41,-62,-56,-64,0,0,0,0,30,0,0,0,0,0,0,-98,-98,-382,-382,-382,-382,-399,-266,-454,-456,-447,-279,-365,-364,-416,-408,-416,-371,-465,-478,-483,-475,-654,-629,-867,-661]} 1. d4 Nf6 2. c4 g6 3. Nc3 d5 4. cxd5 Nxd5 5. e4 Nxc3 6. bxc3 Bg7 7. Nf3 c5 8. Be3 Qa5 9. Nd2 {D85: Exchange Grünfeld: Unusual White 7th moves and lines with 7 Nf3} Nd7 (9... Bd7 10. Rb1 Ba4 11. Qxa4+ Qxa4 12. Bb5+ Qxb5 13. Rxb5 b6 14. dxc5 Nd7 15. Ke2 Bxc3 16. Nb3 O-O {½-½ (28) Navara,D (2741)-Vachier Lagrave,M (2779) Biel 2018}) 10. Qc2 O-O 11. Be2 Qc7 {[#] LiveBook: 3 Games. And now ...cxd4 would win.} 12. Qd3 $146 ({Predecessor:} 12. d5 Nf6 13. f4 Bg4 14. Nf3 b5 15. Bxb5 Bxf3 16. gxf3 Nh5 {0-1 (40) Tari,A (2578)-Ftacnik,L (2546) Heraklio 2017}) 12... Rd8 13. O-O Ne5 14. Qb5 $1 Ng4 15. Bxg4 Bxg4 {[%cal Bc8g4,Bg4e2,Be2d3][%mdl 32]} 16. Nb3 c4 17. Nd2 Be2 18. Rfb1 b6 19. a4 Bd3 20. Rb2 Rab8 21. f3 e5 22. d5 Qb7 23. Raa2 {next a5 is good for White.} Qc8 $1 24. Ra1 Bf8 25. Rba2 a6 26. Qb2 $1 b5 (26... f5 $15) 27. axb5 $11 axb5 28. Ra6 Bc5 29. Bxc5 Qxc5+ 30. Kh1 Rdc8 31. R6a5 Qe3 32. d6 (32. Qc1 $11 {keeps the balance.}) 32... Rd8 $17 33. Rxb5 $2 {[%mdl 8192]} (33. Nf1 $17 Bxf1 34. Rxf1) 33... Rxb5 $19 34. Qxb5 Qxd2 35. Qb6 Qg5 36. h3 $2 (36. Qc7 {is the only way for White.}) 36... Qf6 37. Ra6 Rd7 38. Qc6 {[#]} Qe6 $1 39. Qc5 Kg7 40. Kh2 h5 {[%cal Bh7h5,Bh5g4][%mdl 32]} 41. Kh1 g5 {Black is clearly winning.} 42. Kh2 g4 43. hxg4 hxg4 {Threatens to win with ...Qh6+.} 44. Kg3 Qf6 {Accuracy: White = 31%, Black = 73%.} 0-1

[Event "17th Delhi GM Open 2019"]
[Site "Delhi"]
[Date "2019.01.15"]
[Round "9"]
[White "Ghaem Maghami, Ehsan"]
[Black "Pranav Vijay"]
[Result "1/2-1/2"]
[WhiteElo "2533"]
[BlackElo "2265"]
[Annotator "TA"]
[PlyCount "157"]
[EventDate "2019.01.09"]
[EventType "swiss"]
[EventCountry "IND"]
[SourceTitle "playchess.com"]
[Source "ChessBase"]
[SourceQuality "1"]

{[%evp 24,157,13,8,13,29,16,8,31,21,22,22,29,11,10,0,0,0,26,34,30,33,37,34,51,51,55,39,46,44,61,69,81,73,81,67,84,70,72,71,87,85,105,105,103,91,176,101,121,117,114,114,116,74,113,64,64,64,71,44,80,50,65,60,95,95,139,102,127,93,100,91,184,147,243,232,223,227,229,139,270,265,372,278,272,270,283,280,226,187,187,8,8,8,8,8,8,8,55,19,438,489,419,449,378,16,34,15,398,-72,-86,-57,-45,-56,-5,-4,-16,-9,-1,-8,-8,-8,-8,-8,-8,-8,-8,-8,-1,-1,0,-8,-1,-1,0,-8]} 1. d4 Nf6 2. c4 e6 3. g3 Bb4+ 4. Bd2 Be7 5. Bg2 d5 6. Nf3 O-O 7. O-O b6 8. cxd5 exd5 9. Nc3 Bb7 10. Bf4 Nbd7 11. Rc1 c6 12. Qc2 Re8 13. Rfd1 {LiveBook: 14 Games} Nh5 {E18: Queen's Indian: Old Main Line (4 g3 Bb7 5 Bg2 Be7 6 0-0 0-0 7 Nc3)} (13... Nf8 14. e4 dxe4 15. Ne5 Nd5 16. Nxe4 Ne6 17. Be3 Rc8 18. Qb3 Bf8 19. Nc3 Nxe3 20. fxe3 Rc7 21. Kh1 {1-0 (54) Dominguez Perez,L (2739)-Caruana,F (2807) Saint Louis 2017}) 14. Bd2 Nhf6 {[#]} 15. Re1 $146 ({Predecessor:} 15. e4 Nxe4 16. Nxe4 dxe4 17. Qxe4 {½-½ (59) Baryshpolets,A (2591)-Yanes Canizares,A (2346) Matanzas 2017}) 15... Bb4 16. a3 Bxc3 17. Bxc3 Ne4 18. Bd2 Nf8 19. Ne5 c5 20. Bc3 ({Don't play} 20. Bxe4 dxe4 21. Nc4 cxd4 $19) 20... cxd4 21. Bxd4 Ne6 22. Qd1 (22. e3 {looks sharper.} Rc8 23. Qa4 N4c5 24. Qd1 Re7 25. h4) 22... Nxd4 23. Qxd4 Nc5 24. Qf4 Qe7 25. Nf3 Ne6 26. Qe5 Rad8 27. Nd4 Qf8 28. Nxe6 Rxe6 29. Qd4 Qe7 30. e3 Red6 31. Rc3 f5 32. Rec1 {And now Rc7 would win.} R6d7 33. Bf1 {Bb5 is the strong threat.} Qd6 34. b4 Kf7 (34... g6 $16) 35. a4 ({Better is} 35. Bb5 $18) 35... a6 $16 36. a5 {Hoping for b5.} b5 37. Rc5 Qf6 38. Bg2 (38. Qd3 {feels hotter.} g6 39. Bg2 Kg7 40. Qb1 Re7 41. Qb3) 38... g6 39. h4 (39. Qd2 {keeps more tension.} Kg7 40. Rc7 h6 41. Bf3 Qe5 42. R7c5) 39... Qxd4 40. exd4 Re7 41. Kf1 Rdd7 42. R1c3 Kf6 43. f3 h5 44. Kf2 Kg7 45. Bf1 Kf7 46. Rc1 Kf6 47. R5c3 Kf7 (47... Re6 $16) 48. Bh3 $1 $18 Kg7 (48... Ke8 $16) 49. g4 $1 fxg4 50. fxg4 {[%cal Bf3g4,Bg4g5][%mdl 32]} Rf7+ 51. Kg3 Rde7 (51... hxg4 $16 {was worth a try.} 52. Bg2 (52. Kxg4 Kh6 $14) (52. Bxg4 Rde7 $14) 52... Rde7) 52. g5 $1 Kf8 (52... Kg8 $142 53. Bg2 Kh7) 53. Rf3 Rxf3+ 54. Kxf3 {[%mdl 4096] Endgame KRB-KRB} Ke8 55. Rc3 Kd8 56. Re3 $1 Rc7 {White should prevent ...Rc4.} 57. Bf1 $2 (57. Kf4 $1 $18) 57... Rf7+ $11 58. Kg2 {Threatens to win with Rf3.} Rf4 {[%mdl 64] Double Attack} 59. Re6 Rxd4 60. Rxg6 Rg4+ 61. Kf2 d4 $2 {[%mdl 8192]} (61... Rf4+ $11 {and Black stays safe.} 62. Kg2 Rxb4) 62. Rg8+ $18 Kc7 63. Rg7+ Kb8 {[#]} 64. Re7 $2 (64. Be2 $1 $18 Rg2+ 65. Ke1) 64... Bd5 65. Rd7 Bc4 $2 {[%mdl 8192] [#]} (65... Rf4+ $11 66. Ke1 Bc6) 66. Bh3 $2 (66. Be2 $1 $18 {[%cal Re2g4]} Rxh4 67. Bxc4 Rf4+ 68. Ke2 bxc4 69. g6 Re4+ 70. Kd1) 66... Rxh4 $17 67. Bg2 Rf4+ 68. Ke1 Rg4 (68... d3 $1 $15) 69. Bf3 $1 $11 {[%cal Rf3g4] The position is equal.} Rxg5 70. Rxd4 Rg1+ 71. Kf2 Rb1 72. Rd6 h4 73. Rxa6 Rxb4 74. Rh6 Ra4 75. Rxh4 Rxa5 76. Rh7 Ra3 77. Be4 Kc8 78. Bf5+ Kb8 79. Be4 {Accuracy: White = 55%, Black = 38%.} 1/2-1/2